FAO fisheries report; N622 Report of the government of India/government of Andhra Pradesh/FAO workshop on measures to reduce loss of life during cyclones; held at Vishakapatnam, Andhra Pradesh, India, 4-6 March 1999

Sparad:
Bibliografiska uppgifter
Huvudupphovsman: FAO
Materialtyp: Bok
Språk:Undetermined
Publicerad: Rome FAO 2000
Ämnen:
Taggar: Lägg till en tagg
Inga taggar, Lägg till första taggen!
Thư viện lưu trữ: Trung tâm Học liệu Trường Đại học Cần Thơ
LEADER 00657nam a2200193Ia 4500
001 CTU_42720
008 210402s9999 xx 000 0 und d
082 |a 639 
082 |b R425/N622 
100 |a FAO 
245 0 |a FAO fisheries report; N622 
245 0 |b Report of the government of India/government of Andhra Pradesh/FAO workshop on measures to reduce loss of life during cyclones; held at Vishakapatnam, Andhra Pradesh, India, 4-6 March 1999 
245 0 |c FAO 
260 |a Rome 
260 |b FAO 
260 |c 2000 
650 |a fisheries 
904 |i Nguyễn Quang Điền, 010704 
980 |a Trung tâm Học liệu Trường Đại học Cần Thơ